Estadísticas para Top 10 Capitales más Orientales en Asia

Haz click aquí para tomar la prueba!

Estadísticas generales

  • Esta prueba ha sido tomada 494 veces
  • La puntuación promedio es 8 de 10

Estadísticas de respuestas

LongitudCapital% Correcto
139°42′ETokio
98%
126°59′ESeúl
96%
116°24′EPekín
95%
125°44′EPionyang
89%
120°58′EManila
87%
121°38′ETaipéi
81%
106°48′EYakarta
76%
106°55′EUlán Bator
66%
125°35′EDili
55%
114°57′EBandar Seri Begawan
48%

Distribución de puntuación

Porcentaje por número respondido

Porcentaje de gente con cada puntuación

Historial de tus puntuaciones

No has tomado esta prueba